God's word today : (Record no. 89753)
[ view plain ]
| 000 -LEADER | |
|---|---|
| fixed length control field | 00638cam8a220020500 4500 |
| 001 - CONTROL NUMBER | |
| control field | qce01891407 |
| 005 - DATE AND TIME OF LATEST TRANSACTION | |
| control field | 20190816105415.0 |
| 008 - FIXED-LENGTH DATA ELEMENTS--GENERAL INFORMATION | |
| fixed length control field | 800929s1966 nyu 000 0 eng d |
| 010 ## - LIBRARY OF CONGRESS CONTROL NUMBER | |
| LC control number | 66023491 |
| 035 ## - SYSTEM CONTROL NUMBER | |
| System control number | (Sirsi) r41038 |
| 035 ## - SYSTEM CONTROL NUMBER | |
| System control number | (QCAT)lss02880397 |
| 035 ## - SYSTEM CONTROL NUMBER | |
| System control number | (UPRA)qce01891407 |
| 040 ## - CATALOGING SOURCE | |
| Modifying agency | UPRA |
| 100 1# - MAIN ENTRY--PERSONAL NAME | |
| Personal name | Caster, Marcel van. |
| Linkage | A101681.1 |
| 245 10 - TITLE STATEMENT | |
| Title | God's word today : |
| Remainder of title | principles, methods and examples of catechesis / |
| Statement of responsibility, etc. | Marcel van Caster. |
| 260 ## - PUBLICATION, DISTRIBUTION, ETC. | |
| Place of publication, distribution, etc. | New York : |
| Name of publisher, distributor, etc. | Benziger Bros., |
| Date of publication, distribution, etc. | c1966. |
| 650 #0 - SUBJECT ADDED ENTRY--TOPICAL TERM | |
| Topical term or geographic name entry element | Christian education. |
| Linkage | S29821.1 |
| 949 ## - LOCAL PROCESSING INFORMATION (OCLC) | |
| a | BV1471.2 |
| w | lcc |
| i | -49925 |
| m | MAIN |
| t | BOOK |
| l | ON-SHELF |
No items available.